Gaming Quiz

Random Gaming or Toys Quiz
Score 0/25 Timer 06:00
2 Plays Today
Toy % Correct
Tickle Me Elmo
97.9%
Teenage Mutant Ninja Turtle
88.5%
Troll Doll
86.5%
Bratz
85.3%
Hungry Hungry Hippos
85.3%
Furby
78.3%
Mighty Morphin Power Ranger
78.3%
Barrel Monkeys
76.4%
Hula Hoop
76.1%
Silly Putty
71.8%
Super Soaker
69.6%
Easy-Bake Oven
65.5%
Big Wheel
57%
Toy % Correct
Lawn Darts
56%
Stretch Armstrong
48.1%
Matchbox Car
37.3%
Glo-worm
35.4%
Tinker Toys
32.3%
Teddy Ruxpin
25.8%
View-Master
22.5%
See 'n Say
16.5%
Zhu Zhu Hamster
14.9%
Bakugan
11.5%
Talk Boy
10.1%
RoboSapien
4.6%
Remove Ads.
Support Sporcle.
Get the best of Sporcle when you Go Orange. This ad-free experience offers more features, more stats, and more fun while also helping to support Sporcle. Thank you for becoming a member.

You're not logged in!

Compare scores with friends on all Sporcle quizzes.
OR
Log In

Show Comments

Extras

Top Quizzes Today


Score Distribution

Your Account Isn't Verified!

In order to create a playlist on Sporcle, you need to verify the email address you used during registration. Go to your Sporcle Settings to finish the process.

Report this User

Report this user for behavior that violates our Community Guidelines.

Details: